Ber deku a poď! dnes zabudnutý prešovský amfiteáter bol miestom veľkých kultúrnych udalostí mesta

Bibliographic Details
Main Author: Országh, Milan (Author)
Format: Article
Language:Slovak
PhysicalDescription:Fotogr.
ISSN:1336-4030
Subjects:
Online Access:www.vecernik.po.sk

MARC

LEADER 00000nab a2200000 a 4500
001 vtls008996764
003 SK-MaSNL
005 20260303065751.0
008 070607c20070403xo dr n 000 00slo
038 |a SVKPOCL 
040 |a SVKPOCL  |b slo  |c AACR2  |e AACR2 
041 |a slo 
044 |a xo  |c SK 
080 |a 725.826(437.671.117.176)  |2 2001 
080 |a 908(437.671.117.176)  |2 2001 
100 1 |a Országh, Milan  |4 aut  |9 371464 
245 1 0 |a Ber deku a poď!  |b dnes zabudnutý prešovský amfiteáter bol miestom veľkých kultúrnych udalostí mesta  |c Milan Országh 
300 |a Fotogr. 
650 0 7 |a amfiteátre  |2 svkpocl  |9 30719 
650 0 7 |a chátranie  |2 svkpocl  |9 879480 
651 7 |a Prešov (Slovensko)  |2 svkpocl  |9 17347 
773 0 |t Prešovský večerník  |g Roč. XVIII, č. 4172 (3.4.2007), s. 10-11  |x 1336-4030 
787 0 8 |i Rec.: 
852 |a SVKPO  |b KIS3GCP 
856 4 1 |u www.vecernik.po.sk 
958 |a RG 
999 |c 1752594  |d 1754524